000 00378nam a2200157Ia 4500
003 GCL
008 140319s9999 xx 000 0 ara d
040 _aGCL /
_cGCL
082 0 4 _aد
_b050
100 1 _aيحيى حقى
245 1 0 _aدماء وطين ( اقرا 153 ) /
_cيحيى حقى
300 _a142
490 _aاقرأ
_v0
650 0 4 _aالقصص
942 _2ddc
_cBK
999 _c48760
_d48760